| 000 | 00542 a2200157 4500 | ||
|---|---|---|---|
| 999 |
_c8958 _d8958 |
||
| 020 | _a 0850925800 | ||
| 050 | _aQA135.5 GEN 1999 | ||
| 245 | _aGender sensitivity in primary school mathematics in India/ | ||
| 264 |
_aLondon : _bCommonwealthy Secretariate _c1999 |
||
| 300 | _avii, 113p. | ||
| 500 | _aIncludes bibliographical references | ||
| 650 | _aMathematics -- Textbooks. | ||
| 650 | _aMathematical ability -- Sex differences. | ||
| 650 |
_a Mathematics -- Study and teaching (Elementary) _xIndia. |
||
| 942 |
_2lcc _cBK _h135.5 _iGEN _kQA |
||